[Event "Modra Slovakia op"]
[Site "Modra"]
[Date "2024.03.05"]
[Round "9"]
[White "Krivoborodov, Egor"]
[Black "Melih, Mario"]
[Result "1-0"]
[WhiteElo "2555"]
[BlackElo "1930"]
[PlyCount "45"]
[EventDate "2024.03.01"]
[EventType "swiss"]
[EventRounds "9"]
[EventCountry "SVK"]
[SourceTitle "CBM 219 Extra"]
[Source "ChessBase"]
[SourceDate "2024.05.31"]
[SourceVersion "1"]
[SourceVersionDate "2024.05.31"]
[SourceQuality "1"]

1. d4 Nf6 2. Bg5 d5 3. Nd2 e6 4. e3 c5 5. c3 Nc6 6. Ngf3 h6 7. Bh4 Be7 8. Bd3 0-0 9. Qe2 b6 10. Ne5 Bb7 11. f4 Nd7 12. Bxe7 Qxe7 13. 0-0 Ndxe5 14. fxe5 f6 15. exf6 Rxf6 16. Rxf6 Qxf6 17. Rf1 Qe7 18. Qf3 Rd8 19. a3 Nb8 20. Bg6 Bc8 21. Qg3 e5 22. Rf7 Qe6 23. Rxg7+ 1-0

[Event "Modra Slovakia op"]
[Site "Modra"]
[Date "2024.03.03"]
[Round "4"]
[White "Palka, Miroslav"]
[Black "Melih, Mario"]
[Result "0-1"]
[WhiteElo "1780"]
[BlackElo "1930"]
[PlyCount "42"]
[EventDate "2024.03.01"]
[EventType "swiss"]
[EventRounds "9"]
[EventCountry "SVK"]
[SourceTitle "CBM 219 Extra"]
[Source "ChessBase"]
[SourceDate "2024.05.31"]
[SourceVersion "1"]
[SourceVersionDate "2024.05.31"]
[SourceQuality "1"]

1. c4 e5 2. Nc3 Nf6 3. g3 c6 4. Bg2 d5 5. cxd5 cxd5 6. d4 e4 7. f3 exf3 8. Nxf3 Nc6 9. 0-0 Be6 10. Re1 Be7 11. e4 dxe4 12. Nxe4 0-0 13. Nc3 Rc8 14. Bg5 h6 15. Be3 Nd5 16. Nxd5 Bxd5 17. a3 Bf6 18. Bf2 Qb6 19. Qa4 Bxf3 20. Bxf3 Bxd4 21. Bxd4 Nxd4 0-1

[Event "Modra Slovakia op"]
[Site "Modra"]
[Date "2024.03.02"]
[Round "2"]
[White "Bochnicka, Vladimir1"]
[Black "Melih, Mario"]
[Result "1-0"]
[WhiteElo "2413"]
[BlackElo "1930"]
[PlyCount "99"]
[EventDate "2024.03.01"]
[EventType "swiss"]
[EventRounds "9"]
[EventCountry "SVK"]
[SourceTitle "CBM 219 Extra"]
[Source "ChessBase"]
[SourceDate "2024.05.31"]
[SourceVersion "1"]
[SourceVersionDate "2024.05.31"]
[SourceQuality "1"]

1. e4 e5 2. Nf3 Nc6 3. Bc4 Bc5 4. c3 Nf6 5. d3 d6 6. Nbd2 a6 7. Bb3 0-0 8. 0-0 Ba7 9. h3 h6 10. Re1 Re8 11. Nf1 Be6 12. Ng3 d5 13. Qe2 Qd7 14. Bc2 Rad8 15. Kh2 b5 16. d4 dxe4 17. Nxe4 Nxe4 18. Qxe4 f5 19. Qh4 exd4 20. Rxe6 Rxe6 21. Bxf5 Qe7 22. Bxe6+ Qxe6 23. cxd4 Bxd4 24. Qg3 Rf8 25. Nxd4 Nxd4 26. Bd2 Ne2 27. Qe3 Qxe3 28. Bxe3 Nf4 29. Bc5 Rd8 30. Be3 Ne6 31. b4 Kf7 32. a4 c6 33. a5 Rc8 34. Rc1 Ke7 35. f4 Nf8 36. Bc5+ Kf7 37. Rd1 Re8 38. Rd6 Rc8 39. f5 Kg8 40. Kg3 Kf7 41. Kf4 Kg8 42. g4 Kf7 43. h4 Kg8 44. g5 hxg5+ 45. hxg5 Kf7 46. g6+ Ke8 47. Kg5 Nd7 48. Re6+ Kd8 49. Be7+ Kc7 50. Bd6+ 1-0

[Event "SVK-chT2A 2324"]
[Site "Slovakia"]
[Date "2024.02.10"]
[Round "8.4"]
[White "Hartl, Jan"]
[Black "Melih, Mario"]
[Result "1/2-1/2"]
[WhiteElo "2014"]
[BlackElo "1842"]
[PlyCount "51"]
[EventDate "2023.10.07"]
[EventType "team-tourn"]
[EventRounds "11"]
[EventCountry "SVK"]
[SourceTitle "EXT 2025"]
[Source "ChessBase"]
[SourceDate "2024.10.14"]
[SourceVersion "1"]
[SourceVersionDate "2024.10.14"]
[SourceQuality "1"]
[WhiteTeam "Pezinok"]
[BlackTeam "Trnava Lokomotiva"]
[WhiteTeamCountry "SVK"]
[BlackTeamCountry "SVK"]

1. e4 e5 2. Nf3 Nc6 3. Bc4 Bc5 4. 0-0 Nf6 5. Re1 0-0 6. c3 d6 7. d4 Bb6 8. h3 h6 9. dxe5 Nxe5 10. Nxe5 dxe5 11. Nd2 Qe7 12. Qe2 Be6 13. Nf1 c6 14. Be3 Rfd8 15. Bxe6 Qxe6 16. Ng3 Rd7 17. b3 Rad8 18. Bxb6 axb6 19. Red1 b5 20. Kf1 Rd6 21. Ke1 Qd7 22. Rxd6 Qxd6 23. Rd1 Qxd1+ 24. Qxd1 Rxd1+ 25. Kxd1 g6 26. f3 1/2-1/2

[Event "Piestany Slovakia op-B"]
[Site "Piestany"]
[Date "2023.07.15"]
[Round "5"]
[White "Melih, Mario"]
[Black "Reis, Pedro Rafael Melo"]
[Result "1-0"]
[WhiteElo "1853"]
[BlackElo "1588"]
[PlyCount "51"]
[EventDate "2023.07.11"]
[EventType "swiss"]
[EventRounds "9"]
[EventCountry "SVK"]
[SourceTitle "EXT 2024"]
[Source "ChessBase"]
[SourceDate "2023.10.10"]
[SourceVersion "1"]
[SourceVersionDate "2023.10.10"]
[SourceQuality "1"]

1. e4 e6 2. d4 d5 3. Nc3 Nf6 4. e5 Nfd7 5. f4 c5 6. Nf3 Nc6 7. Be3 a6 8. Be2 b5 9. 0-0 b4 10. Na4 c4 11. c3 a5 12. b3 cxb3 13. axb3 bxc3 14. Nxc3 Bb4 15. Qc2 Ne7 16. g4 h5 17. h3 hxg4 18. hxg4 g6 19. Na2 Bb7 20. Bd3 Rc8 21. Qe2 Nc6 22. Kg2 Bf8 23. Ng5 Nb6 24. Rh1 Rxh1 25. Rxh1 Bg7 26. Rh7 1-0

[Event "SVK-ch U20"]
[Site "Dudince"]
[Date "2023.04.23"]
[Round "9"]
[White "Sokolovsky, Jakub"]
[Black "Melih, Mario"]
[Result "1/2-1/2"]
[WhiteElo "1829"]
[BlackElo "1837"]
[PlyCount "120"]
[EventDate "2023.04.16"]
[EventType "tourn"]
[EventRounds "9"]
[EventCountry "SVK"]
[SourceTitle "CBM 213 Extra"]
[Source "ChessBase"]
[SourceDate "2023.05.31"]
[SourceVersion "1"]
[SourceVersionDate "2023.05.31"]
[SourceQuality "1"]

1. e4 e5 2. Nf3 Nc6 3. Bb5 a6 4. Ba4 Nf6 5. 0-0 Be7 6. Re1 b5 7. Bb3 d6 8. c3 Na5 9. Bc2 c5 10. d4 Qc7 11. h3 0-0 12. d5 c4 13. b4 cxb3 14. axb3 Bd7 15. Bd2 Rfc8 16. Na3 Ne8 17. Bd3 g6 18. c4 bxc4 19. bxc4 Nb7 20. Nc2 f5 21. exf5 gxf5 22. Nfd4 Ng7 23. Bh6 Rf8 24. Nb4 a5 25. Bxg7 Kxg7 26. Nbc6 Bd8 27. Nb5 Qb6 28. Nxd8 Qxd8 29. Re3 Bxb5 30. Rg3+ Kh8 31. cxb5 Nc5 32. Qh5 Qd7 33. Bc2 e4 34. Rg5 a4 35. Ra3 Qf7 36. Qh6 Qf6 37. Qh5 f4 38. Ra2 a3 39. f3 Qd4+ 40. Kh2 Qc4 41. Bb1 Qxb5 42. Qh6 Qd7 43. Rxa3 Rae8 44. Bxe4 Nxe4 45. fxe4 Rf7 46. Ra6 Rxe4 47. Ra8+ Re8 48. Rxe8+ Qxe8 49. Qxd6 f3 50. gxf3 Qe2+ 51. Rg2 Qxf3 52. Qe5+ Qf6 53. Qxf6+ Rxf6 54. Rd2 Kg7 55. Kg3 Kf7 56. Kg4 h6 57. h4 Ke7 58. Kh5 Kd6 59. Rd3 Rf4 60. Rd1 Re4 1/2-1/2

[Event "Modra op"]
[Site "Modra"]
[Date "2023.02.21"]
[Round "4"]
[White "Melih, Mario"]
[Black "Petrik, Matus"]
[Result "1/2-1/2"]
[WhiteElo "1766"]
[BlackElo "1741"]
[PlyCount "32"]
[EventDate "2023.02.20"]
[EventType "swiss"]
[EventRounds "7"]
[EventCountry "SVK"]
[SourceTitle "EXT 2024"]
[Source "ChessBase"]
[SourceDate "2023.10.10"]
[SourceVersion "1"]
[SourceVersionDate "2023.10.10"]
[SourceQuality "1"]

1. e4 c6 2. d4 d5 3. Nc3 dxe4 4. Nxe4 Nd7 5. Bd3 Ngf6 6. Nc3 g6 7. Nf3 Bg7 8. Bd2 Nb6 9. 0-0 Bg4 10. Be3 Nfd5 11. h3 Bxf3 12. Qxf3 Nxe3 13. fxe3 0-0 14. Rad1 Nd5 15. Nxd5 Qxd5 16. Qxd5 cxd5 1/2-1/2

[Event "Modra op"]
[Site "Modra"]
[Date "2023.02.21"]
[Round "3"]
[White "Melih, Mario"]
[Black "Visvader, Kristof"]
[Result "1-0"]
[WhiteElo "1766"]
[BlackElo "1567"]
[PlyCount "85"]
[EventDate "2023.02.20"]
[EventType "swiss"]
[EventRounds "7"]
[EventCountry "SVK"]
[SourceTitle "EXT 2024"]
[Source "ChessBase"]
[SourceDate "2023.10.10"]
[SourceVersion "1"]
[SourceVersionDate "2023.10.10"]
[SourceQuality "1"]

1. Nf3 d5 2. g3 Nf6 3. Bg2 Bf5 4. c4 dxc4 5. 0-0 e6 6. Ne5 c6 7. Nxc4 Be7 8. Qb3 Qc7 9. d4 0-0 10. Bf4 Qc8 11. Nc3 Rd8 12. e4 Bg6 13. Rfd1 Nbd7 14. Rac1 h6 15. Bd6 Bxd6 16. Nxd6 Qc7 17. e5 Ne8 18. Qxb7 Rab8 19. Qxc7 Nxc7 20. Na4 Nd5 21. a3 N7b6 22. Nxb6 Rxb6 23. b4 Ra6 24. Nb7 Rc8 25. Na5 Kf8 26. Rc5 Ke7 27. Rdc1 Bd3 28. Bxd5 exd5 29. Rxc6 Raxc6 30. Rxc6 Kd7 31. Rxc8 Kxc8 32. Nb3 Kc7 33. a4 Bc2 34. Nc5 Kb6 35. f4 a5 36. b5 Kc7 37. Kf2 g6 38. g4 Kd8 39. Ke1 Ke7 40. Kd2 Bb1 41. b6 Kd8 42. Kc1 Ba2 43. Nb7+ 1-0

[Event "SVK-chT2A 2223"]
[Site "Slovakia"]
[Date "2023.02.12"]
[Round "9.8"]
[White "Melih, Mario"]
[Black "Klimek, Martin1"]
[Result "1-0"]
[WhiteElo "1823"]
[BlackElo "1383"]
[PlyCount "57"]
[EventDate "2022.10.08"]
[EventType "team-tourn"]
[EventRounds "11"]
[EventCountry "SVK"]
[SourceTitle "EXT 2024"]
[Source "ChessBase"]
[SourceDate "2023.10.10"]
[SourceVersion "1"]
[SourceVersionDate "2023.10.10"]
[SourceQuality "1"]
[WhiteTeam "Trnava Lokomotiva"]
[BlackTeam "Senec"]
[WhiteTeamCountry "SVK"]
[BlackTeamCountry "SVK"]

1. Nf3 Nf6 2. g3 g6 3. Bg2 Bg7 4. 0-0 0-0 5. c4 d5 6. cxd5 Nxd5 7. d4 Nd7 8. e4 N5b6 9. Nc3 e5 10. d5 f5 11. Ng5 Nf6 12. Qb3 Kh8 13. d6 Qxd6 14. Rd1 Qe7 15. Qc2 Nh5 16. Nf3 f4 17. a4 a5 18. b3 Qf6 19. Ba3 Re8 20. Nb5 c6 21. Nc7 Bg4 22. Nxe8 Rxe8 23. Rd6 Qf7 24. Ng5 Qc7 25. f3 Bc8 26. Rad1 Bf8 27. Rd8 Rxd8 28. Rxd8 Kg7 29. Rxf8 1-0

[Event "SVK-chT5 A22 2223"]
[Site "Slovakia"]
[Date "2023.01.21"]
[Round "5.3"]
[White "Melih, Mario"]
[Black "Daniska, Jozef"]
[Result "1-0"]
[WhiteElo "1823"]
[BlackElo "1260"]
[PlyCount "77"]
[EventDate "2022.10.15"]
[EventType "team-tourn"]
[EventRounds "9"]
[EventCountry "SVK"]
[SourceTitle "EXT 2024"]
[Source "ChessBase"]
[SourceDate "2023.10.10"]
[SourceVersion "1"]
[SourceVersionDate "2023.10.10"]
[SourceQuality "1"]
[WhiteTeam "Trnava Lokomotiva III"]
[BlackTeam "Pecenady"]
[WhiteTeamCountry "SVK"]
[BlackTeamCountry "SVK"]

1. Nf3 d5 2. g3 c6 3. Bg2 Nf6 4. 0-0 e6 5. d4 Be7 6. c4 0-0 7. Nc3 Nbd7 8. b3 Bd6 9. Bb2 b6 10. Rc1 Bb7 11. Re1 Re8 12. e3 Qe7 13. e4 dxe4 14. Nxe4 Nxe4 15. Rxe4 Nf6 16. Re2 Rad8 17. Qc2 h6 18. Rce1 Bb4 19. Rd1 Nh7 20. Ne5 Qc7 21. h4 Bd6 22. Nd3 c5 23. d5 exd5 24. cxd5 Rxe2 25. Qxe2 Qd7 26. Qh5 f6 27. f4 Re8 28. Nf2 Ba6 29. Bh3 Qd8 30. Be6+ Kh8 31. Ne4 Bb5 32. a4 Bd7 33. Nxd6 Re7 34. Nf7+ Rxf7 35. Qxf7 Bxe6 36. Qxe6 Nf8 37. Qf7 Kh7 38. Re1 Ng6 39. Re8 1-0

[Event "Bratislava Slovakia op"]
[Site "Bratislava"]
[Date "2022.10.01"]
[Round "6"]
[White "Melih, Mario"]
[Black "Malaschitz, Teodor"]
[Result "1/2-1/2"]
[WhiteElo "1633"]
[BlackElo "1448"]
[PlyCount "63"]
[EventDate "2022.09.30"]
[EventType "swiss (rapid)"]
[EventRounds "9"]
[EventCountry "SVK"]
[SourceTitle "CBM 210 Extra"]
[Source "ChessBase"]
[SourceDate "2022.11.30"]
[SourceVersion "1"]
[SourceVersionDate "2022.11.30"]
[SourceQuality "1"]

1. Nf3 Nf6 2. c4 e6 3. d4 d5 4. Nc3 c6 5. Bg5 Be7 6. e3 h6 7. Bh4 0-0 8. Bd3 dxc4 9. Bxc4 Nd5 10. Bg3 Bd6 11. 0-0 Bxg3 12. hxg3 Nd7 13. e4 Nxc3 14. bxc3 b6 15. Qe2 Bb7 16. Rfd1 Qc7 17. Rac1 Rac8 18. a4 Qb8 19. e5 Qa8 20. Qb2 c5 21. Nd2 cxd4 22. cxd4 Bd5 23. Bf1 Qb7 24. a5 Rfd8 25. Ra1 Rf8 26. axb6 Qxb6 27. Qxb6 axb6 28. Rdc1 Rxc1 29. Rxc1 Nb8 30. Rc7 Rd8 31. Ra7 Kf8 32. g4 1/2-1/2

[Event "Bratislava Slovakia op"]
[Site "Bratislava"]
[Date "2022.09.30"]
[Round "3"]
[White "Vadila, Ondrej"]
[Black "Melih, Mario"]
[Result "1-0"]
[WhiteElo "2178"]
[BlackElo "1633"]
[PlyCount "65"]
[EventDate "2022.09.30"]
[EventType "swiss (rapid)"]
[EventRounds "9"]
[EventCountry "SVK"]
[SourceTitle "CBM 210 Extra"]
[Source "ChessBase"]
[SourceDate "2022.11.30"]
[SourceVersion "1"]
[SourceVersionDate "2022.11.30"]
[SourceQuality "1"]

1. g3 d5 2. Nf3 Nf6 3. Bg2 g6 4. b3 Bg7 5. Bb2 0-0 6. 0-0 c5 7. c4 d4 8. b4 Nc6 9. b5 Na5 10. d3 Ng4 11. Nbd2 a6 12. Ba3 axb5 13. cxb5 b6 14. Nxd4 Qxd4 15. Bxa8 Nxf2 16. Rxf2 Qxa1 17. Qxa1 Bxa1 18. Rf1 Bd4+ 19. Kg2 Be6 20. Bf3 Bxa2 21. h4 Rd8 22. h5 Bd5 23. Bxd5 Rxd5 24. hxg6 hxg6 25. Nc4 Nxc4 26. dxc4 Re5 27. Re1 Re3 28. Bc1 Rc3 29. Bf4 Rxc4 30. Bc7 Rb4 31. Bxb6 Rxb5 32. Bc7 c4 33. e3 1-0